Prince Valentine

Bibliographic Details
Main Author: Maria Farinna
Format: Book
Published: Kuala Lumpur : Percetakan Milvic Sdn.Bhd. , 1994

MARC

LEADER 00000cam a2200000 7i4500
001 0000007873
002 000008447
005 20000330.0
020 |a 9839806254 
090 0 0 |a F   |b MAR 
100 0 |a Maria Farinna 
245 1 0 |a Prince Valentine   |c Maria Farinna 
260 |a Kuala Lumpur :   |b Percetakan Milvic Sdn.Bhd. ,   |c 1994 
300 |a 115p. ;   |c 18cm. 
999 |a 042338   |b BUKU   |c PINJAMAN   |e PERPUSTAKAAN KOMUNITI PETALING JAYA 
999 |a 042339   |b BUKU   |c PINJAMAN   |e PERPUSTAKAAN KOMUNITI PETALING JAYA